000 00509nam a2200181Ia 4500
001 24617
008 140411s9999 xx 000 0 und d
020 _a0-333-77487-6
040 _cPK-LaUMT
082 _a 155.9042
_bSUT-S
100 _aCary L. Cooper
245 _aStraegic stress management:
_ban organizational approach
_cCary L. Cooper<>Valerie J. Sutherland
260 _aBerkley,USA:
_bMacromedia Press,
_c2000
300 _a263 p.
546 _aEN
700 _aValerie J. Sutherland
942 _cBK
999 _c24809
_d24809